Algebra / (Record no. 8385)
[ view plain ]
| 000 -LEADER | |
|---|---|
| fixed length control field | 00797pam a2200289 a 4500 |
| 001 - CONTROL NUMBER | |
| JCCL Control Number | 8385 |
| 003 - CONTROL NUMBER IDENTIFIER | |
| JCCL marc code | BD - JhCC |
| 005 - DATE AND TIME OF LATEST TRANSACTION | |
| control field | 20180621131200.0 |
| 008 - FIXED-LENGTH DATA ELEMENTS--GENERAL INFORMATION | |
| fixed length control field | 040211s2003 enka 001 0 eng |
| 035 ## - SYSTEM CONTROL NUMBER | |
| system control number | (BD - JhCC)8385 |
| 040 ## - CATALOGING SOURCE | |
| Original cataloging agency | BDS |
| Modifying agency | BD-JhCC |
| 041 ## - LANGUAGE CODE | |
| Language code of Book | eng |
| 082 14 - DEWEY DECIMAL CLASSIFICATION NUMBER | |
| Classification number | 512 |
| DDC Edition number | 22 |
| Author mark and Year | ABB 2003 |
| 100 1# - MAIN ENTRY--PERSONAL NAME | |
| Personal name | Abbott, P. |
| Fuller form of name | (Percival), |
| Dates associated with a name | 1869-1954. |
| 245 10 - TITLE STATEMENT | |
| Title | Algebra / |
| Statement of responsibility, etc | P. Abbott. |
| 250 ## - EDITION STATEMENT | |
| Edition statement | Rev. / |
| 260 ## - PUBLICATION, DISTRIBUTION, ETC. (IMPRINT) | |
| Place of publication, distribution, etc | London : |
| Name of publisher, distributor, etc | Teach Yourself, |
| Date of publication, distribution, etc | c2003. |
| 300 ## - PHYSICAL DESCRIPTION | |
| Pagination | xiv, 353 p. : |
| Other physical details | ill. ; |
| Dimensions | 20 cm. |
| 490 1# - SERIES STATEMENT | |
| Series statement | Teach yourself |
| 500 ## - GENERAL NOTE | |
| General note | Previous (i.e. 4th) ed.: London : Hodder & Stoughton, 1996. |
| 500 ## - GENERAL NOTE | |
| General note | Includes index. |
| 650 #0 - SUBJECT ADDED ENTRY--TOPICAL TERM | |
| Topical term or geographic name as entry element | Algebra. |
| 650 #0 - SUBJECT ADDED ENTRY--TOPICAL TERM | |
| Topical term or geographic name as entry element | Algebra |
| Form subdivision | Problems, exercises, etc. |
| 830 #0 - SERIES ADDED ENTRY--UNIFORM TITLE | |
| Uniform title | Teach yourself books. |
| 942 ## - ADDED ENTRY ELEMENTS (KOHA) | |
| Source of classification or shelving scheme | Dewey Decimal Classification |
| Koha item type | Books |
| Source of classification or shelving scheme | Damaged status | Not for loan | Home library | Current library | Shelving location | Total Checkouts | Full call number | Barcode | Date last seen | Copy number | Koha item type |
|---|---|---|---|---|---|---|---|---|---|---|---|
| Dewey Decimal Classification | JCC Rouf Library | JCC Rouf Library | General Stacks | 512 ABB 2003 | 9290 | 02/22/2018 | C - 1 | Books |